Follow That Line: Draco Malfoy Quiz Stats

 Plays Quiz not verified by Sporcle

Score 0/25 Timer 10:00
1 Play Today
% Correct
I, unlike you, have the power to hand out punishments.
91.8%
you’d be going backwards.
91.4%
poorer than Weasley, and that’s saying something.
91.3%
can help me.
91.2%
Potty and the Weasel.
90.9%
He’ll kill me! He’ll kill my whole family!
89.8%
he should snap his wand in half and go and join them.
89.6%
I don’t think getting your head cut open makes you that special, myself.
89.2%
I mean — they were very fashionable in about eighteen ninety...
88.2%
we wanted to sing about his mother, see...
87.5%
Harry Potter’s giving out signed photos!
87%
It’s killed me!
86.9%
Around the sting, the blasting end, or the sucker?
86.7%
% Correct
you don’t know what I’ve done!
86.3%
Did your mother die of shock?
84.5%
in your school tonight.
83.9%
That oaf teaching classes, my father’ll have a fit when I tell him.
83.7%
that try and rip our hands off!
83.2%
Who wouldn’t want pets that can burn, sting, and bite all at once?
81.8%
They’ll be the first to go, now the Dark Lord’s back! Mudbloods and Muggle-lovers first!
81.3%
when I’m about to kill you?
77.8%
Shame it doesn’t come with a parachute — in case you get too near a Dementor.
77.8%
it’d be worth more than his family’s whole house.
77.5%
I expect a museum would bid for them.
76.6%
Potter’s obviously spotted some money on the ground!
74.6%

You're not logged in!

Compare scores with friends on all Sporcle quizzes.
OR
Log In

You Might Also Like...

Show Comments

Extras

Top Quizzes Today


Score Distribution

Your Account Isn't Verified!

In order to create a playlist on Sporcle, you need to verify the email address you used during registration. Go to your Sporcle Settings to finish the process.

Report this User

Report this user for behavior that violates our Community Guidelines.

Details: